| 000 | 01949naa a2200457 i 4500 | ||
|---|---|---|---|
| 003 | EG-GICUC | ||
| 005 | 20260121101439.0 | ||
| 008 | 251207s1927 fr o|||fr|||| 001 0 fre d | ||
| 040 |
_aEG-GiCUC _bfre _cEG-GiCUC _dEG-GiCUC _eRda |
||
| 041 | _afre | ||
| 082 | 0 | 4 |
_221 _a341.1 _bRE |
| 092 | 0 | 4 | _221 |
| 099 | _aLaw1 11 341.1 RE 1927 | ||
| 245 | 0 | 0 |
_aRecueil des cours. _n1926, Tome 11. |
| 264 | 1 |
_aParis : _bHachette, _c1927. |
|
| 300 |
_a554 page : _bPhotographs ; _c24 cm. |
||
| 336 |
_2rda contenu _a texte |
||
| 337 |
_2rda medias _aOrdinateur |
||
| 338 |
_2 transporteur rda _a Ressource en ligne |
||
| 490 | 1 |
_aAcadémie de droit international ; _v1926, t.11. |
|
| 500 | _a"1926 I." | ||
| 500 | _aAt head of title: Académie de droit international. | ||
| 504 | _aIncludes bibliographical references and index. | ||
| 505 |
_aContient les cours de l'Académie y compris : _tLes sources du droit international / _rpar Paul Heilborn -- _tLe droit de visite et de capture dans la guerre maritime / _rpar A. Pearce Higgins -- _tLes conflits de lois en matière de mariage et de divorce / _rpar Eugène Audinet -- _tLe régime international du Danube / _rpar J. Blociszewski -- _tÉtudes sur le développement historique du droit international dans l'Europe orientale / _rpar M. de Taube. |
||
| 546 | _aTexte en français | ||
| 650 | 1 | 4 | _aDroit international |
| 650 | 1 | _aConflit de lois | |
| 650 | 1 | 4 | _aDroit de la guerre |
| 650 | 1 | 4 | _aLoi sur le mariage |
| 651 | 1 | _2qrmak | |
| 700 | 1 |
_aHiggins, A. Pearce, _d1865-1935, _eAuteur |
|
| 700 | 1 |
_aHeilborn, Paul, _d1861-1932, _eAuteur |
|
| 700 | 1 |
_aAudinet, Eugène, _eAuteur |
|
| 700 | 1 |
_aBlociszewski, Joseph, _eAuteur |
|
| 700 | 1 |
_aTaube, M. A _d1869-1961, _eAuteur |
|
| 710 | _aACADÉMIE DE DROIT INTERNATIONAL. | ||
| 830 | 0 |
_arecueil des cours ; _v1926, Tome 11. |
|
| 856 | 4 | 0 | _uhttps://fll.law.cu.edu.eg/fulltext/bks/B11-05166.pdf |
| 905 |
_a75 _eHassnaa |
||
| 942 |
_2ddc _n0 _cBK _e21 |
||
| 999 |
_c48934 _d48934 |
||